Районы Санкт-Петербурга - Statistics

General Stats
  • This quiz has been taken 44 times
  • The average score is 10 of 18
Answer Stats
Район % Correct
Невский
81%
Центральный
81%
Приморский
76%
Московский
71%
Выборгский
67%
Адмиралтейский
67%
Петроградский
62%
Красногвардейский
57%
Пушкинский
57%
Василеостровский
57%
Фрунзенский
52%
Курортный
52%
Красносельский
48%
Кировский
48%
Кронштадтский
48%
Калининский
43%
Колпинский
33%
Петродворцовый
33%
No matching quizzes found
Score Distribution
Percent of People with Each Score
Percentile by Number Answered
Your Score History
You have not taken this quiz